00326nam a2200109 a 450000100080000000500110000800800410001924500450006026000870010530000140019265000100020614873092017-08-02 1990 bl uuuu u0uu1 u #d aBR 106bo milho mais plantado no Brasil. aSete Lagoas: Embrapa-CNPMS: Servico de Producao de Sementes Basicas, [199-].c1990 c1 folder. aMilho